[Event "Karlstad op"]
[Site "Karlstad"]
[Date "2019.12.27"]
[Round "3"]
[White "Nygren, Kim"]
[Black "Wiklund, Johan"]
[Result "1-0"]
[WhiteElo "2199"]
[BlackElo "1949"]
[PlyCount "65"]
[EventDate "2019.12.27"]
[EventType "swiss"]
[EventRounds "8"]
[EventCountry "SWE"]
[SourceTitle "CBM 195 Extra"]
[Source "ChessBase"]
[SourceDate "2020.05.31"]
[SourceVersion "1"]
[SourceVersionDate "2020.05.31"]
[SourceQuality "1"]

1. e4 e6 2. d4 d5 3. Nc3 Bb4 4. e5 c5 5. a3 Bxc3+ 6. bxc3 Qa5 7. Bd2 Qa4 8. Qb1 c4 9. Nh3 Ne7 10. Nf4 Nbc6 11. Nh5 0-0 12. Qd1 Ng6 13. h4 Re8 14. Nxg7 Kxg7 15. h5 Qa5 16. hxg6 fxg6 17. Qf3 Kg8 18. Rxh7 Kxh7 19. Qf7+ Kh8 20. Qxe8+ Kg7 21. Be2 Qd8 22. Qxd8 Nxd8 23. Bg5 Nf7 24. Bf6+ Kg8 25. Kd2 Bd7 26. f4 Rc8 27. g4 Rc6 28. Bf3 Rb6 29. Rh1 Rb2 30. f5 Ba4 31. fxe6 Rxc2+ 32. Ke1 Rc1+ 33. Kf2 1-0

[Event "Gothenburg op"]
[Site "Gothenburg"]
[Date "2019.08.17"]
[Round "6"]
[White "Wiklund, Johan"]
[Black "Castrillon Gomez, Melissa"]
[Result "0-1"]
[WhiteElo "1956"]
[BlackElo "2227"]
[PlyCount "56"]
[EventDate "2019.08.16"]
[EventType "swiss"]
[EventRounds "8"]
[EventCountry "SWE"]
[SourceTitle "CBM 191 Extra"]
[Source "ChessBase"]
[SourceDate "2019.09.30"]
[SourceVersion "1"]
[SourceVersionDate "2019.09.30"]
[SourceQuality "1"]

1. Nf3 d5 2. d4 Nf6 3. c4 e6 4. Bg5 h6 5. Bh4 Bb4+ 6. Nbd2 dxc4 7. e3 b5 8. a4 c6 9. Be2 Bb7 10. 0-0 a6 11. Ne5 Nbd7 12. f4 Nxe5 13. fxe5 Bxd2 14. Qxd2 Ne4 15. Qe1 Qc7 16. Bf3 c5 17. axb5 axb5 18. Rxa8+ Bxa8 19. Bxe4 Bxe4 20. Qa1 0-0 21. Qa6 cxd4 22. exd4 Bc6 23. Be7 Ra8 24. Bd6 Rxa6 25. Bxc7 Ra2 26. Rf2 b4 27. Bd6 c3 28. bxc3 b3 0-1

[Event "Gothenburg op"]
[Site "Gothenburg"]
[Date "2019.08.16"]
[Round "2"]
[White "Carlsson, Ludvig"]
[Black "Wiklund, Johan"]
[Result "1-0"]
[WhiteElo "2234"]
[BlackElo "1956"]
[PlyCount "55"]
[EventDate "2019.08.16"]
[EventType "swiss"]
[EventRounds "8"]
[EventCountry "SWE"]
[SourceTitle "CBM 191 Extra"]
[Source "ChessBase"]
[SourceDate "2019.09.30"]
[SourceVersion "1"]
[SourceVersionDate "2019.09.30"]
[SourceQuality "1"]

1. d4 e6 2. Nf3 Nf6 3. Bf4 c5 4. e3 Nc6 5. Nbd2 d5 6. c3 Bd6 7. Bg3 cxd4 8. exd4 0-0 9. Bd3 Re8 10. Ne5 Qc7 11. f4 Nd7 12. Bxh7+ Kf8 13. Qh5 Nf6 14. Qh4 b5 15. Bd3 Kg8 16. Bxb5 Bd7 17. Bd3 Rab8 18. Rb1 Qa5 19. Nxd7 Nxd7 20. Qh7+ Kf8 21. Qh8+ Ke7 22. Qxg7 Kd8 23. a3 Kc7 24. 0-0 Rg8 25. Qxf7 Rbf8 26. Qxe6 Nxd4 27. cxd4 Qxd2 28. Rbc1+ 1-0

[Event "Vaxjo op"]
[Site "Vaxjo"]
[Date "2018.02.09"]
[Round "1"]
[White "Wiklund, Johan"]
[Black "Lindberg, Bengt"]
[Result "1/2-1/2"]
[WhiteElo "1885"]
[BlackElo "2387"]
[PlyCount "30"]
[EventDate "2018.02.09"]
[EventType "swiss"]
[EventRounds "8"]
[EventCountry "SWE"]
[SourceTitle "CBM 182 Extra"]
[Source "ChessBase"]
[SourceDate "2018.02.23"]
[SourceVersion "1"]
[SourceVersionDate "2018.02.23"]
[SourceQuality "1"]

1. Nf3 d5 2. d4 Nf6 3. c4 e6 4. Nc3 Be7 5. Bf4 0-0 6. e3 c5 7. h3 cxd4 8. Nxd4 Nc6 9. Nxc6 bxc6 10. cxd5 Nxd5 11. Nxd5 cxd5 12. Qd2 Qb6 13. a3 Bf6 14. Rb1 e5 15. Bh2 Rd8 1/2-1/2